Vascular plant systematics (Record no. 357087)

MARC details
000 -LEADER
fixed length control field 003970000a22001570004500
020 ## - INTERNATIONAL STANDARD BOOK NUMBER
International Standard Book Number 060453087
060 ## - NATIONAL LIBRARY OF MEDICINE CALL NUMBER
Classification number 100
082 ## - DEWEY DECIMAL CLASSIFICATION NUMBER
Classification number 582.130 12 RAD
100 ## - MAIN ENTRY--PERSONAL NAME
Personal name Radford, Albert E et.al
245 ## - TITLE STATEMENT
Title Vascular plant systematics
260 ## - PUBLICATION, DISTRIBUTION, ETC. (IMPRINT)
Place of publication, distribution, etc. Newyork, Harper &row publishers
260 ## - PUBLICATION, DISTRIBUTION, ETC. (IMPRINT)
Date of publication, distribution, etc. 1974
300 ## - PHYSICAL DESCRIPTION
Extent 891
650 ## - SUBJECT ADDED ENTRY--TOPICAL TERM
Topical term or geographic name as entry element Vascular plants-systematics/systematics-vascular plants
942 ## - ADDED ENTRY ELEMENTS (KOHA)
Koha item type Books (General)
Holdings
Withdrawn status Lost status Damaged status Not for loan Home library Current library Date acquired Total Checkouts Full call number Barcode Date last seen Price effective from Koha item type
        College of Agriculture, Vellayani College of Agriculture, Vellayani 02/05/2014   582.130 12 RAD KAU_COAV-14061 02/05/2014 02/05/2014 Books (General)
Kerala Agricultural University Central Library
Thrissur-(Dt.), Kerala Pin:- 680656, India
Ph : (+91)(487) 2372219
E-mail: librarian@kau.in
Website: http://library.kau.in/